01599ngm a2200313 a 450000500170000000800410001708200150005810000360007311000360010924501190014525000180026430000540028249000280033650000140036450000180037852004520039652100380084865000600088665000600094670000360100674000570104294200130109926400350111233600270114733700330117433800280120704000350123599900150127020220317001436.0161108s2014 ck g 000 0 s 04a520 bD37c1 aHawking, Stephen Williamd1942- aDiscovery Communications97309900aDentro del universobviaje a través del tiempo con Stephen HawkingcDiscovery Communicationshvideodisco digital a1a. edición a1 DVD (45 minutos)bsonido, color, digitalc12 cm aDiscovery en la escuela aMultizona aDolby Digital aMe llamo Stephen Hawking, físico, cosmólogo y en cierta forma soñador y a pesar que no puede hablar sino solo a través de un computador, en mi mente soy libre, para explorar el Universo y para plantearme grandes interrogantes, como ¿si es posible viajar en el Tiempo?, podemos abrir un portal hacía el pasado?. O en contrar un atajo hacía el futuro? Podemos utilizar las leyes de la naturaleza para manejar el tiempo a nuestro antojo? aRecomendado para todas las edades142LEMBaAstronomíavDocumentalesvVideodiscos digitales142LEMBaCosmologíavDocumentalesvVideodiscos digitales1 aWilliams, Nathaneeditor973102 aInto the universe : time travel with Stephen Hawking 2ddccDVD aBogotábMS Tv & Videosc2014 atextobtxt2rdacontent asin mediaciónbn2rdamedia avolumenbnc2rdacarrier aCO-BoRNBPbspaerdacCO-BoRNBP c6992d6992